• 首页
  • 本馆介绍
  • 公告通知
  • 最新文献
  • 馆藏检索
  • 电子资源
  • 读者导购
  • 参考咨询
  • 我的图书馆
  • 登录
  • 详细信息显示
  • 放入我的书架
  • 预约/预借图书
  • 作者相关作品
  • 分类相关作品
  • 丛书相关作品
  • 出版社相关作品

书目信息

  • 表格格式
  • 工作单格式
  • 卡片格式
题名:
全球星载SAR正射影像研制原理与方法
    
 
作者: 汪韬阳 著
分册:  
出版信息: 北京   科学出版社  2022
页数: 163页
开本: 24cm
丛书名:
单 册:
中图分类: P28
科图分类:
主题词: 卫星图象--正射影象地图--研制
电子资源:
ISBN: 978-7-03-071438-1
000 00947nam0 2200217 450
001 2261442922
005 20220930170416.09
010    @a978-7-03-071438-1@b精装@dCNY139.00
100    @a20220510d2022 em y0chiy50 ea
101 0  @achi
102    @aCN@b110000
105    @aa z 000yy
200 1  @a全球星载SAR正射影像研制原理与方法@9quan qiu xing zai SAR zheng she ying xiang yan zhi yuan li yu fang fa@f汪韬阳等著
210    @a北京@c科学出版社@d2022
215    @a163页@c图@d24cm
330    @a本书针对目前在轨SAR卫星的成像特性,结合全球覆盖的观测任务,提出一套适用于全球超大规模SAR卫星正射影像产品研制的数据处理技术体系。内容包括:星载SAR区域成像任务规划、星载SAR影像几何定标、星载SAR影像自动匹配、星载SAR影像区域网平差、星载SAR影像正射纠正与更新、星载SAR影像强度一致性处理与镶嵌等。
606 0  @a卫星图象@x正射影象地图@x研制
690    @aP28@v5
701  0 @a汪韬阳@9wang tao yang@4著
801  0 @aCN@b91MARC@c20220712
905    @aZUCC@dP28@e1
    
    全球星载SAR正射影像研制原理与方法/汪韬阳等著.-北京:科学出版社,2022
    163页:图;24cm
    
    
    ISBN 978-7-03-071438-1(精装):CNY139.00
    本书针对目前在轨SAR卫星的成像特性,结合全球覆盖的观测任务,提出一套适用于全球超大规模SAR卫星正射影像产品研制的数据处理技术体系。内容包括:星载SAR区域成像任务规划、星载SAR影像几何定标、星载SAR影像自动匹配、星载SAR影像区域网平差、星载SAR影像正射纠正与更新、星载SAR影像强度一致性处理与镶嵌等。
●
相关链接 在五车中查询图书 在当当中查询图书 在豆瓣中查询图书


正题名:全球星载SAR正射影像研制原理与方法     索取号:P28/1         预约/预借

序号 登录号 条形码 馆藏地/架位号 状态 备注
1 2000909113   2000909113   第三书库/ [索取号:P28/1] 在馆    
2 2000909114   2000909114   第三书库/ [索取号:P28/1] 在馆    
3 2000909115   2000909115   第三书库/ [索取号:P28/1] 在馆    
山东省滨州职业学院图书馆 欢迎您!
大连网信软件有限公司© 版权所有